000 00631nam a2200229Ia 4500
003 OSt
005 20220923211635.0
006 a|||||r|||| 00| 0
007 ta
008 220922b |||||||| |||| 00| 0 rus d
024 _a38,127
037 _cTextual
040 _aARTS
_cARTS
_brus
041 _2rus
_arus
082 _aO142,3M28,AK, 153H2
100 _aਟਾਲਸਟਾਏ, ਲਿਓ
245 0 _aਪ੍ਰਾFਚਿਤ
260 _c1968
650 _aਰਾFੀਅਨ ਸਾਹਿਤ
942 _hO142,3M28,AK, 153H2
_cTEXL
_2CC
999 _c301920
_d301920